Charizma ako základ vodcovského potenciálu

Čo je charizma, čo je základom charizmy. Ako zapracovať na vlastnej charizme. Ako sa prejavuje vodca.

Uložené v:
Podrobná bibliografia
Hlavný autor: Priečková, Katarína, 1983-
Médium: Kapitola
Jazyk:Slovak
Predmet:
Tagy: Pridať tag
Žiadne tagy, Buďte prvý, kto otaguje tento záznam!

MARC

LEADER 00000naa a2200000 4500
001 0136552
005 20240502072529.6
041 0 |a slo 
044 |a SK 
245 1 0 |a Charizma ako základ vodcovského potenciálu  |c Katarína Priečková 
520 |a Čo je charizma, čo je základom charizmy. Ako zapracovať na vlastnej charizme. Ako sa prejavuje vodca. 
610 2 0 |a vodcovstvo 
610 2 0 |a vedenie ľudí 
610 2 0 |a štýl vedenia 
100 1 |a Priečková, Katarína, 1983-